Congruencia programática entre partidos y votantes en Chile /
Uloženo v:
| Hlavní autor: | |
|---|---|
| Médium: | Text |
| Tagy: |
Přidat tag
Žádné tagy, Buďte první, kdo vytvoří štítek k tomuto záznamu!
|
MARC
| LEADER | 00000 a a2200000 04500 | ||
|---|---|---|---|
| 001 | 47672 | ||
| 003 | |||
| 040 | |||
| 100 | |a Morales Quiroga, Mauricio | ||
| 245 | |a Congruencia programática entre partidos y votantes en Chile / |c Mauricio Morales Quiroga | ||
| 773 | |g volumen22, número44, (2014), páginas 59-90 : tablas, gráficos | ||
| 999 | |c 24259 |d 24259 | ||
